|
|
|
|
| LEADER |
00000nam a2200000 a 4500 |
| 005 |
2012091700590.0 |
| 007 |
cr|||| |||| |
| 008 |
120119s2011 sp b 000 0 spa c |
| 017 |
|
|
|a DL AB. 464-2011
|
| 020 |
|
|
|a 9788415000464
|
| 035 |
|
|
|a 6679
|
| 040 |
|
|
|a vLex
|
| 080 |
|
|
|a 331.47(460)
|
| 090 |
|
|
|c 3426
|d 3426
|
| 100 |
1 |
|
|a Alfonso Mellado, Carlos L.
|
| 245 |
1 |
0 |
|a Prevencin̤ de riesgos laborales y accidente de trabajo en la Ley Reguladora de la Jurisdiccin̤ Social
|h [Recurso electrn̤ico] /
|c Carlos L. Alfonso Mellado
|
| 256 |
|
|
|a Servicio en ln̕ea
|
| 260 |
|
|
|a Albacete :
|b Bomarzo,
|c 2011
|
| 300 |
|
|
|a 1 recurso electrn̤ico
|
| 504 |
|
|
|a Índice
|
| 506 |
1 |
|
|a Contenido solo disponible en los productos indicados
|d vLex Global
|d vLex Global (Academic Edition, excluding Law Schools)
|d vLex Global (U.S. Academic Edition, Law Schools)
|d vLex Global (U.S. Academic Edition, excluding Law Schools)
|d vLex Global (Academic Edition, Law Schools)
|
| 650 |
0 |
4 |
|a Seguridad en el trabajo
|
| 650 |
0 |
4 |
|a Salud en el trabajo
|z Espaą
|
| 740 |
0 |
|
|a vLex Libros (Servicio en ln̕ea)
|
| 830 |
|
0 |
|a Bs̀icos de derecho social ;
|v 57
|
| 856 |
4 |
0 |
|u http://vlex.com/source/prevencion-riesgos-laborales-accidente-trabajo-ley-reguladora-jurisdiccion-social-6679
|z Acceso restringido
|
| 942 |
|
|
|c BOOK
|
| 999 |
0 |
|
|a Industrial safety
|
| 999 |
0 |
|
|a Industrial hygiene
|